Majetkové daně v USA

Významná úloha majetkových daní a to zvlášť v príjmoch miestnych rozpočtov. Hlavný zdroj miestnych rozpočtov. Prečo sú majetkové dane súčasťou miestnych príjmov. Majetkové dane ako poplatky za úžitok. Úloha majetkových daní v systéme miestnych rozpočtov v USA odlišná od situácie v ČR. Určité lekcie,...

Descrizione completa

Salvato in:
Dettagli Bibliografici
Autore principale: Horčicová, M.
Natura: Capitolo di libro
Lingua:ceco
Soggetti:
Tags: Aggiungi Tag
Nessun Tag, puoi essere il primo ad aggiungerne!!

MARC

LEADER 00000naa a2200000 4500
001 r024043
005 20221213082701.0
041 0 |a cze 
044 |a CZ 
245 1 0 |a Majetkové daně v USA  |c M. Horčicová 
520 |a Významná úloha majetkových daní a to zvlášť v príjmoch miestnych rozpočtov. Hlavný zdroj miestnych rozpočtov. Prečo sú majetkové dane súčasťou miestnych príjmov. Majetkové dane ako poplatky za úžitok. Úloha majetkových daní v systéme miestnych rozpočtov v USA odlišná od situácie v ČR. Určité lekcie, podľa ktorých je možné v budúcnosti postavenie majetkovej dane v ČR odvodiť z poznatkov v USA. 
610 2 0 |a dane majetkové 
610 2 0 |a USA 
610 2 0 |a Česko 
610 2 0 |a rozpočet miestny 
610 2 0 |a príjmy 
610 2 0 |a poplatky 
100 1 |a Horčicová, M.